000
00334nam a22001457a 4500
003
SGT
020
_a
0-7619-1397-1
082
_a
614, S98M
100
_a
MCCUBBIN, HAMILTON I.
245
_a
STRESS, COPING AND HEALTH IN FAMILIES
260
_a
LONDON
_b
SAGE
_c
1998
300
_a
311
650
_a
COMMUNITY MEDICINE
942
_2
ddc
_c
BK
999
_c
8342
_d
8342